000 00237nam a2200097Ia 4500
008 191206s9999 xx 000 0 und d
020 _a869201794
090 _aDT962..F67G29
245 2 _aA town called Victoria
260 _aRhodesiana prints
999 _c15384
_d15384